Animal (Expanded Edition)-Album (Kesha) - Statistics

General Stats
  • This quiz has been taken 13 times
  • The average score is 16 of 18
Answer Stats
Hint Answer % Correct
14. Animal
100%
6. (Feat. 3OH!3) Blah Blah Blah
100%
12. Dancing With Tears In My Eyes
100%
11. Dinosaur
100%
8. Party At A Rich Dude's House
100%
3. Take It Off
100%
2. TiK ToK
100%
18. TiK ToK-Fred Falke Club Remix
100%
17. TiK ToK-Wolfedelic Club Mix
100%
1. Your Love Is My Drug
100%
9. Backstabber
83%
10. Blind
83%
13. Boots & Boys
83%
16. c u next tuesday
83%
7. Hungover
83%
5. Stephen
83%
4. Kiss N Tell
67%
15. VIP
67%
No matching quizzes found
Score Distribution
Percent of People with Each Score
Percentile by Number Answered
Your Score History
You have not taken this quiz